01287nam a2200313Ia 4500001001200000003000800012006001900020007001500039008004100054010001700095020001800112040002100130035002100151050002300172082002000195100001600215245015200231260003200383300002500415504005100440533015200491650005100643650004100694650004500735655002900780700002100809710001700830856012600847ebr10370297CaPaEBRm u cr cn|||||||||090701s2010 nyua sb 001 0 eng d z 2009026386 z9780814415191 aCaPaEBRcCaPaEBR a(OCoLC)59327782414aLC205b.P35 2010eb04a379.2/609732221 aPaige, Rod.14aThe Black-White achievement gaph[electronic resource] :bwhy closing it is the greatest civil rights issue of our time /cRod Paige, Elaine Witty. aNew York :bAMACOM,cc2010. axxiv, 210 p. :bill. aIncludes bibliographical references and index. aElectronic reproduction.bPalo Alto, Calif. :cebrary,d2010.nAvailable via World Wide Web.nAccess may be limited to ebrary affiliated libraries. 0aEducationxDemographic aspectszUnited States. 0aAcademic achievementzUnited States. 0aEducational equalizationzUnited States. 7aElectronic books.2local1 aWitty, Elaine P.2 aebrary, Inc.40uhttp://site.ebrary.com/lib/rucke/Doc?id=10370297zAn electronic book accessible through the World Wide Web; click to view